000 01133nam0a22002771 4500
001 rc\3002481
005 20250806200705.0
035 _a(NLR Aleph) 007145517
090 _a63243
_c63243
100 _a20110920d1941 u y0rusy50 ca
101 0 _arus
102 _aRU
105 _aa z |||||
200 1 _aК определению напряжений в трубах при помощи тензометров
_fМ.Л. Лурье
210 _a[Москва]
_cБ. и.
_d[1941]
_gтип. БНТ НКАП
215 _a4, [1] с.
_cчерт.
_d25 см
225 1 _aКраткие технические отчеты Центрального аэро-гидродинамического института имени профессора Н.Е. Жуковского
_vВып. 3-16
_aСер. 3
300 _aБез тит. л. и обл.
700 1 _aЛурье
_bМ.Л.
_f1901-
_gМихаил Львович
801 0 _aRU
_bNLR
_gpsbo
801 1 _aRU
_bELAR
_2rusmarc
852 _aNLR
_jТ92 В-8/2(16)
942 _cBOOK
945 _aРоссийская национальная библиотека
980 _aNB
980 _aBV